Top 200 baby girl names in the 2000s - USA - Statistics

General Stats
  • This quiz has been taken 200 times
  • The average score is 118 of 200
Answer Stats
Answer % Correct
3 E Emma
97%
144 A Ana
96%
1 E Emily
96%
4 O Olivia
94%
93 I Isabel
88%
101 I Isabelle
88%
7 I Isabella
87%
65 M Mary
87%
70 S Sara
87%
24 A Anna
86%
9 E Elizabeth
86%
129 K Kathryn
85%
43 M Maria
85%
12 S Sarah
84%
5 H Hannah
83%
23 J Jessica
83%
30 J Julia
83%
111 C Catherine
81%
20 C Chloe
81%
37 K Katherine
81%
26 M Mia
81%
34 E Ella
80%
15 G Grace
80%
25 V Victoria
80%
99 A Amelia
79%
27 H Hailey
79%
42 H Haley
79%
73 S Sofia
79%
13 S Sophia
79%
55 Z Zoe
78%
160 Z Zoey
78%
19 L Lauren
77%
192 L Lilly
77%
45 L Lily
77%
2 M Madison
77%
6 A Abigail
76%
39 J Jennifer
76%
58 A Alexa
75%
63 A Amanda
75%
21 N Natalie
75%
136 C Charlotte
74%
80 E Evelyn
74%
135 L Laura
74%
179 L Lucy
74%
8 S Samantha
74%
115 A Amy
73%
16 A Ava
73%
161 E Eva
73%
109 K Katie
73%
33 R Rachel
73%
40 A Alexandra
72%
10 A Ashley
72%
125 C Christina
72%
102 M Melissa
72%
72 M Michelle
72%
117 S Sophie
72%
17 T Taylor
72%
77 C Caroline
71%
41 A Allison
70%
134 A Angel
70%
168 K Kate
70%
48 N Nicole
70%
51 S Stephanie
70%
57 M Madeline
69%
103 M Madelyn
69%
11 A Alexis
68%
165 K Kylee
68%
64 K Kylie
68%
112 D Diana
67%
71 R Rebecca
67%
145 A Alicia
66%
92 A Amber
66%
87 A Arianna
66%
22 K Kayla
66%
114 M Mya
66%
106 A Angela
65%
189 B Brittany
65%
100 M Molly
65%
116 B Briana
64%
18 B Brianna
64%
95 D Danielle
64%
68 L Leah
64%
137 M Margaret
64%
74 V Vanessa
64%
119 B Breanna
62%
151 C Caitlin
62%
175 C Caitlyn
62%
35 K Kaitlyn
62%
56 K Kimberly
62%
96 M Melanie
62%
50 A Addison
61%
79 A Audrey
61%
82 C Claire
61%
199 E Ellie
61%
60 G Gabriella
61%
200 J Jasmin
61%
195 J Jazmin
61%
59 K Katelyn
61%
81 M Maya
61%
36 M Megan
61%
53 A Andrea
60%
85 A Ariana
60%
29 J Jasmine
60%
14 A Alyssa
59%
54 F Faith
59%
110 J Jade
59%
61 G Gabrielle
58%
158 K Kelly
58%
52 L Lillian
58%
78 A Avery
57%
47 B Brooke
57%
67 R Riley
57%
155 R Rylee
57%
193 V Veronica
57%
118 G Gabriela
56%
69 J Jenna
56%
76 A Angelina
55%
113 A Aubrey
55%
120 G Gianna
54%
122 G Gracie
54%
31 M Morgan
54%
139 N Naomi
54%
133 N Natalia
54%
154 V Valerie
54%
185 H Hope
53%
153 R Ruby
53%
75 J Jordan
52%
167 J Jordyn
52%
44 K Kaylee
52%
166 K Kendall
52%
49 M Mackenzie
52%
191 M Makenzie
52%
148 M Mckenzie
52%
132 A Alexandria
51%
83 A Autumn
51%
147 D Daisy
51%
38 S Savannah
51%
187 A Alana
50%
90 B Brooklyn
50%
127 D Daniela
50%
98 E Erin
50%
97 S Sierra
50%
28 S Sydney
50%
126 C Courtney
49%
131 L Layla
49%
162 S Sadie
49%
184 A Angelica
48%
170 K Karen
48%
183 E Erica
47%
171 T Tiffany
47%
194 A Abby
46%
124 A Adriana
46%
196 A Adrianna
46%
173 J Juliana
46%
66 P Paige
46%
152 S Summer
46%
89 B Bailey
45%
128 L Lydia
45%
140 M Miranda
44%
46 M Makayla
43%
105 M Marissa
43%
141 M Mikayla
43%
91 A Aaliyah
42%
32 D Destiny
42%
163 A Alexia
41%
104 J Jacqueline
41%
181 K Kiara
41%
186 C Chelsea
39%
84 J Jocelyn
39%
143 P Payton
39%
123 P Peyton
39%
172 C Cassandra
38%
88 J Jada
38%
142 K Kelsey
38%
62 T Trinity
38%
164 C Cassidy
37%
94 M Mariah
37%
150 S Sabrina
37%
190 C Camila
36%
157 L Lindsey
36%
130 V Valeria
34%
182 C Crystal
33%
121 K Kennedy
33%
149 A Ashlyn
32%
146 J Jillian
31%
180 B Bianca
30%
108 L Leslie
30%
177 S Serenity
29%
107 S Shelby
29%
188 L Liliana
28%
156 S Skylar
28%
174 R Reagan
27%
176 G Giselle
26%
138 C Cheyenne
25%
86 N Nevaeh
25%
169 J Jayla
24%
198 K Karina
23%
197 D Delaney
22%
159 G Genesis
19%
178 A Alondra
13%
No matching quizzes found
Score Distribution
Percent of People with Each Score
Percentile by Number Answered
Your Score History
You have not taken this quiz